000 01100cam a22003014a 4500
001 14261118
003 GBCCL
005 20241126110345.0
008 060210s1995 at 000 0 eng
010 _a 2006359186
040 _aDLC
_cDLC
042 _apcc
050 0 0 _aBT1170
_b.A23 1995
082 _a297.283
_bALM
100 0 _aAbd al-Masih.
_91063
245 1 4 _aThe great deception:
_bhow Muhammad tried to win the Christians for Islam : a critical study of Sura al Imran, 3:33-64 /
_cAbd al-Masih.
260 _aVillach, Austria :
_bLight of Life,
_c1995 .
300 _a179 p. ;
_c19 cm.
600 0 0 _aJesus Christ
_xIn the Qurʼan.
_91064
600 0 0 _aJesus Christ
_xIslamic interpretations.
_9329
630 0 0 _aQurʼān.
_pSūrat Āl ʻImrān
_xCriticism, interpretation, etc.
_91065
650 0 _aIslam
_xControversial literature.
_91066
650 0 _aIslam
_xRelations
_xChristianity.
_91067
650 0 _aChristianity and other religions
_xIslam.
_91068
906 _a7
_bcbc
_corignew
_d3
_encip
_f20
_gy-gencatlg
942 _2ddc
_cBK
_03
999 _c765
_d765